00690nam a2200157Ia 4500008004100000100003400041245013100075245008500206260005300291260000900344300001100353650001500364856006100379999001900440952007300459170221s9999 xx 000 0 und d aAbdullah Ahmed Nasser Ghasham 4aThe Impact of Global Market Environment on the Degree of Cooperation of International Strategic Alliances among Service Firms  cAbdullah Ahmed Nasser Ghasham, Nik Ab Halim Nik Abdullah, Noor Hasmini Abd Ghani bInternational Review of Management and Marketing c2016 a15 : 9 xMarketing. uhttp://www.econjournals.com/index.php/irmm/issue/view/72 c312335d312335 001040aCLbCLd2017-02-21l0r2017-02-21 00:00:00w2017-02-21yFOJ